[Event "SVK-ch U08 Girls"]
[Site "Stara Lubovna"]
[Date "2021.06.28"]
[Round "3"]
[White "Dudova, Karin"]
[Black "Haasova, Nina"]
[Result "0-1"]
[WhiteElo "1210"]
[BlackElo "1000"]
[PlyCount "66"]
[EventDate "2021.06.26"]
[EventType "swiss"]
[EventRounds "9"]
[EventCountry "SVK"]
[SourceTitle "CBM 203 Extra"]
[Source "ChessBase"]
[SourceDate "2021.09.30"]
[SourceVersion "1"]
[SourceVersionDate "2021.09.30"]
[SourceQuality "1"]

1. e4 d6 2. Nf3 Nf6 3. Bc4 Nxe4 4. 0-0 g6 5. Re1 Nf6 6. Nc3 Bg7 7. d3 0-0 8. Bf4 c5 9. Re2 Nc6 10. Qd2 Bg4 11. Re3 Bxf3 12. Rxf3 Nd4 13. Re3 Nh5 14. Rh3 Nxf4 15. Qxf4 e5 16. Qh4 Qxh4 17. Rxh4 Bf6 18. Rh6 Bg5 19. Rh3 Nxc2 20. Rc1 Bxc1 21. b3 Na3 22. Nd5 Nxc4 23. dxc4 Rfc8 24. Ne7+ Kf8 25. Nxc8 Rxc8 26. Rxh7 Rc6 27. Rh8+ Ke7 28. Rb8 Rb6 29. Ra8 Ra6 30. Rb8 Rxa2 31. Rxb7+ Ke6 32. b4 Ba3 33. Rxa7 Ra1# 0-1

[Event "Liptovsky Jan Slovak op U2200"]
[Site "Liptovsky Jan"]
[Date "2021.06.19"]
[Round "5"]
[White "Burger, Martin"]
[Black "Dudova, Karin"]
[Result "1-0"]
[WhiteElo "1000"]
[BlackElo "1210"]
[PlyCount "28"]
[EventDate "2021.06.17"]
[EventType "swiss"]
[EventRounds "7"]
[EventCountry "SVK"]
[SourceTitle "CBM 203 Extra"]
[Source "ChessBase"]
[SourceDate "2021.09.30"]
[SourceVersion "1"]
[SourceVersionDate "2021.09.30"]
[SourceQuality "1"]

1. e4 e5 2. Nf3 Nc6 3. d4 d6 4. d5 Nb4 5. a3 Na6 6. Bb5+ Bd7 7. Bxd7+ Qxd7 8. 0-0 Nf6 9. Nc3 Be7 10. Be3 0-0 11. Re1 Nxe4 12. Nxe4 c6 13. Qd3 Nc7 14. Neg5 Qg4 1-0

[Event "Liptovsky Jan Slovak op U2200"]
[Site "Liptovsky Jan"]
[Date "2021.06.18"]
[Round "2"]
[White "Dudova, Karin"]
[Black "Durovka, Marek"]
[Result "0-1"]
[WhiteElo "1210"]
[BlackElo "1581"]
[PlyCount "50"]
[EventDate "2021.06.17"]
[EventType "swiss"]
[EventRounds "7"]
[EventCountry "SVK"]
[SourceTitle "CBM 203 Extra"]
[Source "ChessBase"]
[SourceDate "2021.09.30"]
[SourceVersion "1"]
[SourceVersionDate "2021.09.30"]
[SourceQuality "1"]

1. e4 c5 2. Bc4 Nc6 3. Nf3 g6 4. 0-0 Bg7 5. Nc3 e6 6. Re1 Nge7 7. e5 0-0 8. d4 cxd4 9. Nxd4 Nxe5 10. Bd3 d5 11. Bf4 N7c6 12. Nxc6 Nxc6 13. Qd2 Qb6 14. Bh6 Qxb2 15. Na4 Bxh6 16. Qxh6 Qd4 17. Nc3 Qxc3 18. Red1 Nb4 19. Re1 Nxc2 20. Rad1 Nxe1 21. h3 Nxd3 22. Qe3 d4 23. Qf3 Nb2 24. Qxc3 dxc3 25. Rc1 Na4 0-1